Vô ngã Những bài tham luận về đề tài vô ngã

保存先:
書誌詳細
第一著者: Thích Chân Quang
フォーマット: 図書
言語:Undetermined
出版事項: H. Tôn giáo 2003
主題:
タグ: タグ追加
タグなし, このレコードへの初めてのタグを付けませんか!
Thư viện lưu trữ: Trung tâm Học liệu Trường Đại học Cần Thơ
LEADER 00559nam a2200205Ia 4500
001 CTU_62344
008 210402s9999 xx 000 0 und d
020 |b 15000 
082 |a 293.34 
082 |b QU106 
100 |a Thích Chân Quang 
245 0 |a Vô ngã 
245 0 |b Những bài tham luận về đề tài vô ngã 
245 0 |c Tỳ kheo Thích Chân Quang 
260 |a H. 
260 |b Tôn giáo 
260 |c 2003 
650 |a buddhism 
904 |i Mai Loan 
980 |a Trung tâm Học liệu Trường Đại học Cần Thơ